| 000 | 00745cam a22001814a 4500 | ||
|---|---|---|---|
| 005 | 20250605164149.0 | ||
| 008 | 250528s ||||||||||||||||||||||||d | ||
| 035 | _a19287 | ||
| 040 |
_aGR-AtMCL _bgre _dGR-AtMCL _eAACR2 |
||
| 245 | 1 | _aΠροϊστορικός και Πρωτόγονος Άνθρωπος / Παγκόσμια Ιστορία Τέχνης | |
| 260 |
_bΧρυσός Τύπος, _c1976 |
||
| 300 | _a182 | ||
| 520 | _aΠρόλογος, Εισαγωγή, Οι Κυνηγοί, Οι Γεωργοί, Οι Νομάδες, Ινδονησία και Ωκεανία, Μοτίβο και Παραλλαγή, Αμερική, Αφρική. | ||
| 700 | 1 |
_aLommel Andreas Dr. _95522 |
|
| 942 | _cBK | ||
| 999 |
_c4550 _d4550 |
||